El incumplimiento alimentario como modalidad de violencia económica : (Registro nro. 5829)
[ vista simple ]
| 000 -LEADER | |
|---|---|
| fixed length control field | 01189nab a22002177a 4500 |
| 003 - CONTROL NUMBER IDENTIFIER | |
| control field | OSt |
| 005 - DATE AND TIME OF LATEST TRANSACTION | |
| control field | 20260107123839.0 |
| 008 - FIXED-LENGTH DATA ELEMENTS--GENERAL INFORMATION | |
| fixed length control field | 190514b xxu||||| |||| 00| 0 spa d |
| 040 ## - CATALOGING SOURCE | |
| Transcribing agency | PJ |
| 100 ## - MAIN ENTRY--PERSONAL NAME | |
| 9 (RLIN) | 5819 |
| Personal name | Hom, María Cecilia |
| 245 13 - TITLE STATEMENT | |
| Title | El incumplimiento alimentario como modalidad de violencia económica : |
| Remainder of title | mujeres atrapadas en la pobreza económica y emocional / |
| Statement of responsibility, etc | María Cecilia Hom. |
| 300 ## - PHYSICAL DESCRIPTION | |
| Extent | p. 131-137 |
| 505 ## - FORMATTED CONTENTS NOTE | |
| Formatted contents note | Sumario: I. Introducción.— II. Definición y encuadre normativo.— III. Violencia, sus tipos.— IV. El incumplimiento alimentario del progenitor como forma de violencia económica.— V. Más padecimientos para lograr la ejecución de la cuota alimentaria.— VI. Algunos aportes de la jurisprudencia.— VII. Prevención y posibles soluciones.— VIII. Algunas reflexiones finales. |
| 505 ## - FORMATTED CONTENTS NOTE | |
| Title | Si te interesa el texto, comunicate a koha@justierradelfuego.gov.ar |
| 650 #0 - SUBJECT ADDED ENTRY--TOPICAL TERM | |
| 9 (RLIN) | 967 |
| Topical term or geographic name as entry element | DERECHO DE FAMILIA |
| 650 #0 - SUBJECT ADDED ENTRY--TOPICAL TERM | |
| 9 (RLIN) | 968 |
| Topical term or geographic name as entry element | ALIMENTOS |
| 650 #0 - SUBJECT ADDED ENTRY--TOPICAL TERM | |
| 9 (RLIN) | 4099 |
| Topical term or geographic name as entry element | CUOTA ALIMENTARIA |
| 650 #0 - SUBJECT ADDED ENTRY--TOPICAL TERM | |
| 9 (RLIN) | 5360 |
| Topical term or geographic name as entry element | VIOLENCIA ECONÓMICA |
| 773 0# - HOST ITEM ENTRY | |
| Host Biblionumber | 2844 |
| Host Itemnumber | 3222 |
| Place, publisher, and date of publication | Buenos Aires : AbeledoPerrot, 1989- |
| Title | Derecho de familia. N° 118 - Marzo 2025 |
| International Standard Book Number | 18511201 |
| 942 ## - ADDED ENTRY ELEMENTS (KOHA) | |
| Source of classification or shelving scheme | |
| Koha item type | Analítica Artículo de Revista |
No hay ítems disponibles.
